000 00560nam a2200181Ia 4500
003 GCL
008 140319s9999 xx 000 0 ara d
040 _aGCL /
_cGCL
082 0 4 _a515.35
_bار
100 1 _aالسيد عبدالمعطى اليدوى
245 1 0 _aالرياضيات المتقدمة للمهندسين /
_cالسيد عبدالمعطى اليدوى
260 _a[S.N] :
_bدار الراتب الجامعية
300 _a473 ص
490 _a
650 0 4 _aالرياضيات
650 0 4 _aتفاضل وتكامل
942 _2ddc
_cBK
999 _c50108
_d50108